00374nam a2200145Ia 4500003000400000005001700004008004100021020001500062050002800077100001800105245003600123260003500159300002800194440000600222OSt20140321085117.0140130s9999 xx 000 0 und d a1578820456 aLB 1139.35b.Se497 2000 aSevaly, Karen cKaren Sevaly.aMold and paint / bScholastic,c2000.aNew York : a48 p. :bill. ;c26 cm. v1